000 00462nam a2200181Ia 4500
008 230711s9999||||xx |||||||||||||| ||und||
020 _a978-93-272-2766-6
041 _aENG
082 _a658
_bGU-F
100 _aGupta,Shashi K
245 0 _aFinancial institutions and markets
250 _a4th Ed.
260 _c2013
_aNew Delhi
_bKalyani Publishers House
300 _a644
650 _aUNIVESITY BUSNIESS SCHOOL
700 _aAggarwal,Nisha
942 _cBK
999 _c5541
_d5541